<?xml version="1.0" encoding="UTF-8"?>
<record
    xmlns:xsi="http://www.w3.org/2001/XMLSchema-instance"
    xsi:schemaLocation="http://www.loc.gov/MARC21/slim http://www.loc.gov/standards/marcxml/schema/MARC21slim.xsd"
    xmlns="http://www.loc.gov/MARC21/slim">

  <leader>01199nam a22002537a 4500</leader>
  <controlfield tag="005">20170124103107.0</controlfield>
  <datafield tag="010" ind1=" " ind2=" ">
    <subfield code="a">B-183461</subfield>
  </datafield>
  <datafield tag="020" ind1=" " ind2=" ">
    <subfield code="c">200.00</subfield>
    <subfield code="a">8186509305</subfield>
  </datafield>
  <datafield tag="035" ind1=" " ind2=" ">
    <subfield code="a">B-183461</subfield>
  </datafield>
  <datafield tag="037" ind1=" " ind2=" ">
    <subfield code="b">Cen Lib/Ret</subfield>
  </datafield>
  <datafield tag="040" ind1=" " ind2=" ">
    <subfield code="a">DPL</subfield>
    <subfield code="b">HN</subfield>
  </datafield>
  <datafield tag="082" ind1=" " ind2=" ">
    <subfield code="a">230.91</subfield>
    <subfield code="b">&#x92D;&#x93E;&#x91F;&#x93F;&#x92F;&#x93E; </subfield>
  </datafield>
  <datafield tag="100" ind1=" " ind2=" ">
    <subfield code="a">&#x92D;&#x93E;&#x91F;&#x93F;&#x92F;&#x93E;, &#x938;&#x941;&#x926;&#x930;&#x94D;&#x936;&#x928; </subfield>
    <subfield code="9">78770</subfield>
  </datafield>
  <datafield tag="245" ind1=" " ind2=" ">
    <subfield code="a">&#x92A;&#x935;&#x93F;&#x924;&#x94D;&#x930; &#x917;&#x902;&#x917;&#x93E;-&#x92D;&#x93E;&#x917;&#x940;&#x930;&#x925;&#x940;  :</subfield>
    <subfield code="c">&#x938;&#x941;&#x926;&#x930;&#x94D;&#x936;&#x928; &#x92D;&#x93E;&#x91F;&#x93F;&#x92F;&#x93E;</subfield>
    <subfield code="b">&#x92E;&#x924; &#x92E;&#x948;&#x932;&#x940; &#x939;&#x94B;&#x928;&#x947; &#x926;&#x947;&#x902; &#x907;&#x938;&#x947; /</subfield>
  </datafield>
  <datafield tag="246" ind1=" " ind2=" ">
    <subfield code="a">Pavitr ganga-bhagirathi : mat maili hone de ise /</subfield>
    <subfield code="b">by Sudarshan Bhatiya </subfield>
  </datafield>
  <datafield tag="260" ind1=" " ind2=" ">
    <subfield code="a">&#x926;&#x93F;&#x932;&#x94D;&#x932;&#x940; </subfield>
    <subfield code="b">&#x936;&#x93E;&#x936;&#x94D;&#x935;&#x924; &#x92A;&#x94D;&#x930;&#x915;&#x93E;&#x936;&#x928; </subfield>
    <subfield code="c">2005</subfield>
  </datafield>
  <datafield tag="270" ind1=" " ind2=" ">
    <subfield code="a">5452, &#x936;&#x93F;&#x935; &#x92E;&#x93E;&#x930;&#x94D;&#x915;&#x93F;&#x91F;, &#x928;&#x94D;&#x92F;&#x942; &#x91A;&#x928;&#x94D;&#x926;&#x94D;&#x930;&#x93E;&#x935;&#x932;, &#x91C;&#x935;&#x93E;&#x939;&#x930; &#x928;&#x917;&#x930; </subfield>
    <subfield code="b">&#x926;&#x93F;&#x932;&#x94D;&#x932;&#x940; </subfield>
    <subfield code="e">110007</subfield>
  </datafield>
  <datafield tag="300" ind1=" " ind2=" ">
    <subfield code="a">200&#x92A;&#x943;. </subfield>
    <subfield code="c">20&#x938;&#x947;&#x92E;&#x940;(&#x938;&#x91C;&#x93F;&#x932;&#x94D;&#x926;)</subfield>
  </datafield>
  <datafield tag="650" ind1=" " ind2=" ">
    <subfield code="a">&#x939;&#x93F;&#x928;&#x94D;&#x926;&#x942; &#x927;&#x930;&#x94D;&#x92E; </subfield>
    <subfield code="9">1413</subfield>
  </datafield>
  <datafield tag="650" ind1=" " ind2=" ">
    <subfield code="a">&#x939;&#x93F;&#x928;&#x94D;&#x926;&#x942; -- &#x92A;&#x935;&#x93F;&#x924;&#x94D;&#x930; &#x917;&#x902;&#x917;&#x93E; &#x928;&#x926;&#x940; </subfield>
    <subfield code="9">78771</subfield>
  </datafield>
  <datafield tag="650" ind1=" " ind2=" ">
    <subfield code="a">Hindu religion</subfield>
    <subfield code="9">78772</subfield>
  </datafield>
  <datafield tag="650" ind1=" " ind2=" ">
    <subfield code="a">Hindu - Holy Ganges River</subfield>
    <subfield code="9">78773</subfield>
  </datafield>
  <datafield tag="942" ind1=" " ind2=" ">
    <subfield code="2">ddc</subfield>
    <subfield code="c">HN</subfield>
    <subfield code="h">230.91</subfield>
    <subfield code="m">&#x92D;&#x93E;&#x91F;&#x93F;&#x92F;&#x93E; </subfield>
  </datafield>
  <datafield tag="999" ind1=" " ind2=" ">
    <subfield code="c">118189</subfield>
    <subfield code="d">118189</subfield>
  </datafield>
  <datafield tag="952" ind1=" " ind2=" ">
    <subfield code="0">0</subfield>
    <subfield code="1">0</subfield>
    <subfield code="4">0</subfield>
    <subfield code="7">0</subfield>
    <subfield code="a">L</subfield>
    <subfield code="b">L</subfield>
    <subfield code="d">2015-09-10</subfield>
    <subfield code="e">Cen Lib/Ret</subfield>
    <subfield code="g">200.00</subfield>
    <subfield code="l">4</subfield>
    <subfield code="m">1</subfield>
    <subfield code="o">230.91 &#x92D;&#x93E;&#x91F;&#x93F;&#x92F;&#x93E;</subfield>
    <subfield code="p">B-183461</subfield>
    <subfield code="r">2019-12-24 00:00:00</subfield>
    <subfield code="s">2019-11-21</subfield>
    <subfield code="t">1</subfield>
    <subfield code="v">200.00</subfield>
    <subfield code="w">2015-09-10</subfield>
    <subfield code="y">HN</subfield>
  </datafield>
</record>
